| 000 | 00446nam a22001337a 4500 | ||
|---|---|---|---|
| 003 | SGT | ||
| 082 |
_a617.6342 _bC14C |
||
| 100 | _aCHAUHAN, LATIKA | ||
| 245 | _aCOMPARATIVE EVALUATION OF SHEAR BOND STRENGTH OF THE NEWLY INTRODUCED BIOMIMETIC MATERIAL AND CONVENTIONAL MATERIALS TO COMPOSITE - AN IN VITRO STUDY | ||
| 260 |
_aDELHI NCR _bSGT UNIVERSITY GURUGRAM _c2017 |
||
| 300 | _a1-56 | ||
| 650 | _aCONSERVATIVE DENTISTRY | ||
| 942 |
_2ddc _cTH |
||
| 999 |
_c16098 _d16098 |
||